The Residential Real Estate Market in the Slovak Republic
Cieľom tejto publikácie je zhodnotiť vývoj v oblasti financovania a rozvoj trhu s rezidenčnými nehnuteľnosťami na Slovensku.
Enregistré dans:
| Auteur principal: | |
|---|---|
| Format: | Chapitre de livre |
| Langue: | anglais |
| Sujets: | |
| Tags: |
Pas de tags, Soyez le premier à ajouter un tag!
|
MARC
| LEADER | 00000naa$a2200000$$$4500 | ||
|---|---|---|---|
| 001 | 0306962 | ||
| 005 | 20251006100347.4 | ||
| 041 | 0 | |a eng | |
| 044 | |a GB | ||
| 245 | 1 | 0 | |a The Residential Real Estate Market in the Slovak Republic |c Eva Horvátová |
| 520 | |a Cieľom tejto publikácie je zhodnotiť vývoj v oblasti financovania a rozvoj trhu s rezidenčnými nehnuteľnosťami na Slovensku. | ||
| 610 | 2 | 0 | |a nehnuteľnosti |
| 610 | 2 | 0 | |a financovanie investícií |
| 610 | 2 | 0 | |a trh bytový |
| 100 | 1 | |a Horvátová, Eva, 1958- | |